Rodzajniki określone - język włoski - Statystyki

Ogólne statystyki
  • Ten quiz został rozwiązany 31 razy
  • Średni wynik to 13 z 15
Statystyki odpowiedzi
Słowo Rodzajnik określony % Poprawnych
cane (pies) il
100%
edificio (budynek) l'
95%
gonna (spódnica) la
95%
tavoli (stoły) i
90%
sogno (sen) il
90%
università (uniwersytet) l'
90%
occhio (oko) l'
90%
televisione (telewizja) la
86%
mano (ręka) la
86%
gnomo (krasnoludek) lo
86%
yogurt (jogurt) lo
81%
figli (synowie) i
76%
scuole (szkoły) le
76%
feste (święta) le
71%
alberghi (hotele) gli
57%
Nie znaleziono quizów pasujących do podanych kryteriów
Rozkład punktacji
Procent ludzi z każdym wynikiem
Percentyl według liczby udzielonych odpowiedzi
Twoja historia wyników
Nie rozwiązałeś tego quizu